Ahwal-I-Ulama-I-Farangi Mahal (Record no. 4102)

MARC details
000 -LEADER
fixed length control field 00587nam a2200241 a 4500
020 ## - INTERNATIONAL STANDARD BOOK NUMBER
ISBN
082 00 - DEWEY DECIMAL CLASSIFICATION NUMBER
Classification number 297.61
Author Cutter ALT
100 ## - MAIN ENTRY--AUTHOR NAME
Author name Altafurrahman,
245 ## - TITLE STATEMENT
Title Ahwal-I-Ulama-I-Farangi Mahal
260 ## - PUBLICATION, DISTRIBUTION, ETC. (IMPRINT)
Place of publication Lucknow
Name of publisher Mujtabai Presslucknow
Year of publication 0000
300 ## - PHYSICAL DESCRIPTION
Number of Pages 84p
500 ## - GENERAL NOTE
General note includes index and biblioraphy
505 2# - FORMATTED CONTENTS NOTE
Formatted contents note Reserve
650 ## - SUBJECT ADDED ENTRY--TOPICAL TERM
Topical Term Islam-Biography-Ulama
942 ## - ADDED ENTRY ELEMENTS (KOHA)
Koha item type Books
700 1# -
-- Altafurrahman,
Holdings
Collection code Home library Current library Date acquired Cost, normal purchase price Full call number Accession Number Koha item type
  Henry Martyn Institute Library Henry Martyn Institute Library 07/05/2007 100.00 297.61 ALT 07415 Books
                   Copyright © 2026 | Henry Martyn Institute | Hyderabad | TS-500052 | INDIA | Implemented by hmi.edu.in
Hit-Count:

Powered by Koha